000 00611nam a22002057a 4500
999 _c8525
_d8525
003 AR-CdUCM
008 190325b ||||| |||| 00| 0 spa d
040 _aMUNICIPALIDAD PROVINCIAL DEL CUSCO
_cBIBLIOTECA MUNICIPAL DEL CUSCO
082 _a869.56 /
_bN28
100 _aNava, Dante
_923874
245 _a20 sonetos de Dante Nava /
260 _aPuno :
_bLibreria e imprenta Albareda,
_c1958.
300 _a20 páginas ;
_c21 cm.
500 _aDonación familia Nieto.
650 _aPoesías peruanas
_91481
650 _aPoesías Puno
_923875
650 _aSiglo XX
_98
942 _2ddc
_cLIBROS
945 _azta